000 00685nas a2200241 4500
001 BR9603995
003 BR-BrBNA
005 20231205100525.0
007 ta
008 230509b bl.|||p| |||| 00| 00por d
040 _aBR-BrBNA
_bpor
_cBiblioteca Nacional de Agricultura
041 _a(Pt)
072 _aF08; F04; F01
100 1 _aSa, J.C.
100 1 _aMolin, R.
245 1 _aManejo do solo e rotacao de culturas na lavoura de feijao
650 _aFeijao
650 _aRotacao de Cultura
650 _aManejo do Solo
773 0 _tRevista Batavo (Brazil)
_x
_g(Aug 1994), v. 3(34) p. 21-27
_wBR9603995
909 _a202311
_bLúcia
_c55
_dLúcia Elande
942 _2AGRIS
_n0
_cANA
999 _c156469
_d156469